Vereinigte Staaten: 10 größte Städte - Statistiken

Allgemein
  • Dieses Quiz wurde 446 mal gespielt
  • Das Durchschnittsergebnis liegt bei 5 aus 10
Antwortstatistiken
Nummer Einwohner Stadt % Korrekt
2 3.900.000 Los Angeles
98%
3 2.700.000 Chicago
72%
1 8.500.000 New York City
61%
9 1.300.000 Dallas
58%
4 2.300.000 Houston
55%
6 1.600.000 Philadelphia
43%
8 1.400.000 San Diego
34%
5 1.600.000 Phoenix
30%
7 1.500.000 San Antonio
19%
10 1.000.000 San José
13%
Keine übereinstimmenden Quizze gefunden
Verteilung der Resultate
Anzahl Personen mit jedem Resultat
Perzentil nach korrekt beantworteten Fragen
Ihre Resultats-Entwicklung
Sie haben dieses Quiz noch nicht gespielt